Văn hoá dân tộc Cống

Nghiên cứu một số vấn đề cơ bản trong truyền thống và bản sắc văn hoá dân tộc Cống trên các lĩnh vực văn hoá vật thể, tín ngưỡng dân gian, phong tục tập quán, lễ thức vòng đời và văn học nghệ thuật dân gian

Đã lưu trong:
書目詳細資料
主要作者: Phan Kiến Giang
格式: 圖書
語言:Vietnamese
出版: H. Văn hoá Thông tin 2011
主題:
標簽: 添加標簽
沒有標簽, 成為第一個標記此記錄!
Thư viện lưu trữ: Mạng thư viện Đại học Đà Nẵng
LEADER 01510aam a22003738a 4500
001 000015934
003 12322
005 20120606140647.0
008 120606s2011 viesd
020 |a 9786045000472  |d 2000b 
041 0 |a vie 
082 1 4 |2 14  |a 305.8954  |b PH-G 
100 1 |a Phan Kiến Giang 
245 1 0 |a Văn hoá dân tộc Cống  |c Phan Kiến Giang 
260 |a H.  |b Văn hoá Thông tin  |c 2011 
300 |a 123tr.  |c 21cm 
500 |a ĐTTS ghi: Hội Văn nghệ dân gian Việt Nam 
504 |a Phụ lục: tr. 101-120 
520 |a Nghiên cứu một số vấn đề cơ bản trong truyền thống và bản sắc văn hoá dân tộc Cống trên các lĩnh vực văn hoá vật thể, tín ngưỡng dân gian, phong tục tập quán, lễ thức vòng đời và văn học nghệ thuật dân gian 
650 7 |2 Bộ TK TVQG  |a Văn hoá dân tộc 
650 7 |2 Bộ TK TVQG  |a Văn hoá dân gian 
651 7 |2 Bộ TK TVQG  |a Việt Nam 
653 |a Văn hoá vật thể 
653 |a Dân tộc Cống 
OWN |a LSP 
AVA |a UDN50  |b LSP  |d 305.8954 PH-G  |e available  |t Error 5001 Not defined in file expand_doc_bib_avail.  |f 1  |g 0  |h N  |i 0  |k 1 
999 |a From the UDN01 
AVA |a UDN50  |b LSP  |d 305.8954 PH-G  |e available  |t Error 5001 Not defined in file expand_doc_bib_avail.  |f 1  |g 0  |h N  |i 0  |k 1 
TYP |a Monograph 
TYP |a Printed language 
980 |a Mạng thư viện Đại học Đà Nẵng